000 00308nam a2200133 i 4500
001 bg
100 1 _aMAJKA, S.
245 0 _aZarys urbanistyki i architektury.
_nCz.2 /
_cS. Majka.
260 _aRzeszów,
_c1987.
040 _cBPK
041 _apol
942 _cKS
008 s pl f |000 0 pol
999 _c3744
_d3744
856 _uhttp://koha.tu.koszalin.pl/cgi-bin/koha/opac-detail.pl?biblionumber=3744
_yKatalog online BPK